[Event "Let's Play Chess!"]
[Site "http://www.queenalice.com/game.php?id=702979"]
[Date "2009.12.25"]
[Round "-"]
[White "chesspool"]
[Black "Iniciante_no_xadrez"]
[Result "1-0"]
[WhiteElo "2017"]
[BlackElo "1697"]

1. d4 d5 2. c4 Nf6 3. Nc3 e6 4. Bg5 Be7 5. Nf3 O-O 6. e3 c6 7. Bd3 dxc4 8. Bxc4
b5 9. Bd3 Bb7 10. O-O Nbd7 11. Rc1 Rc8 12. Bxf6 Nxf6 13. Ne5 a6 14. Ne4 Qa5 15.
Nxf6+ Bxf6 16. Nd7 Rfe8 17. Qh5 h6 18. Nxf6+ gxf6 19. Qxh6 f5 20. e4 Qc7 21.
exf5 1-0

[Event "Let's Play Chess!"]
[Site "http://www.queenalice.com/game.php?id=702982"]
[Date "2009.12.24"]
[Round "-"]
[White "jfk"]
[Black "Iniciante_no_xadrez"]
[Result "1-0"]
[WhiteElo "1954"]
[BlackElo "1430"]

1. e4 c5 2. b4 cxb4 3. a3 bxa3 4. Nxa3 e6 5. Nf3 d6 6. d4 Nf6 7. Bd3 Be7 8. O-O
O-O 9. Re1 b6 10. c4 Bb7 11. Bb2 Nbd7 12. e5 dxe5 13. dxe5 Ne8 14. Qe2 Nc5 15.
Bc2 Qc8 16. Rad1 Nc7 17. Nb5 Rd8 18. Nd6 Bxd6 19. exd6 1-0

[Event "Let's Play Chess!"]
[Site "http://www.queenalice.com/game.php?id=702983"]
[Date "2009.12.25"]
[Round "-"]
[White "charles31"]
[Black "Iniciante_no_xadrez"]
[Result "1-0"]
[WhiteElo "1823"]
[BlackElo "1609"]

1. Nc3 f5 2. e4 fxe4 3. Nxe4 Nf6 4. Nxf6+ exf6 5. Bb5 Nc6 6. Bxc6 bxc6 7. d3 Bc5
8. Be3 Be7 9. Nf3 O-O 10. g4 Bb7 11. h4 d6 12. Nd4 Qd7 13. Rg1 Rfe8 14. Qe2 d5
15. O-O-O Bc5 16. Qf3 Rab8 17. g5 Bxd4 18. Bxd4 Qd6 19. gxf6 g6 20. f7+ Kf8 21.
fxe8=Q+ Kxe8 22. Rde1+ 1-0

[Event "Let's Play Chess!"]
[Site "http://www.queenalice.com/game.php?id=702985"]
[Date "2009.12.24"]
[Round "-"]
[White "Taurus"]
[Black "Iniciante_no_xadrez"]
[Result "1-0"]
[WhiteElo "2141"]
[BlackElo "1467"]

1. e4 c5 2. Nf3 Nc6 3. Nc3 e6 4. g3 d6 5. d3 Nf6 6. Bg2 Be7 7. O-O O-O 8. Re1
Re8 9. b3 a6 10. Bb2 b5 11. e5 Nd5 12. Qe2 Bb7 13. Rad1 Qc7 14. Nxd5 1-0

[Event "Let's Play Chess!"]
[Site "http://www.queenalice.com/game.php?id=702989"]
[Date "2009.12.25"]
[Round "-"]
[White "Iniciante_no_xadrez"]
[Black "spawnwolfwolverine"]
[Result "0-1"]
[WhiteElo "1540"]
[BlackElo "1666"]

1. e4 e5 2. Nf3 d6 3. d4 exd4 4. Qxd4 Nc6 5. Bb5 Bd7 6. Bxc6 Bxc6 7. Nc3 Nf6 8.
Nd5 Bxd5 9. exd5 Be7 10. Bg5 O-O 11. O-O c6 12. c4 cxd5 13. cxd5 Qb6 14. Qd2 h6
15. Bxf6 Bxf6 16. Rab1 Rac8 17. h3 Rc5 18. b4 Rb5 19. a4 Rxd5 20. Qxd5 Rc8 21.
a5 Qc6 22. Qd3 d5 0-1

[Event "Let's Play Chess!"]
[Site "http://www.queenalice.com/game.php?id=702990"]
[Date "2009.12.25"]
[Round "-"]
[White "Iniciante_no_xadrez"]
[Black "spawnwolfwolverine"]
[Result "0-1"]
[WhiteElo "1576"]
[BlackElo "1653"]

1. f4 d5 2. Nf3 e6 3. g3 Be7 4. Bg2 Nf6 5. O-O O-O 6. d3 b6 7. e3 Bb7 8. Nc3 Nc6
9. Bd2 a6 10. Qe2 a5 11. Rae1 Bb4 12. a3 Bxc3 13. Bxc3 Ba6 14. h3 Ne7 15. Bxf6
gxf6 16. Nh4 Ng6 17. Qg4 f5 18. Qh5 Nxh4 19. gxh4 Qf6 20. Rf3 Qg6 21. Qg5 Qxg5
22. hxg5 c5 23. h4 b5 0-1

[Event "Let's Play Chess!"]
[Site "http://www.queenalice.com/game.php?id=702991"]
[Date "2009.12.25"]
[Round "-"]
[White "pauldavidkrewson"]
[Black "Iniciante_no_xadrez"]
[Result "1-0"]
[WhiteElo "1638"]
[BlackElo "1421"]

1. e4 c5 2. c3 Nc6 3. d4 cxd4 4. cxd4 e6 5. Nf3 d6 6. Bb5 Bd7 7. O-O Nf6 8. Nc3
Be7 9. Bg5 a6 10. Ba4 b5 11. Bb3 1-0

[Event "Let's Play Chess!"]
[Site "http://www.queenalice.com/game.php?id=702996"]
[Date "2009.12.25"]
[Round "-"]
[White "spawnwolfwolverine"]
[Black "Iniciante_no_xadrez"]
[Result "1-0"]
[WhiteElo "1677"]
[BlackElo "1513"]

1. c4 c5 2. d3 Nc6 3. e4 d6 4. g3 Nf6 5. Bg2 e6 6. Ne2 Be7 7. O-O O-O 8. Bg5 b6
9. Nbc3 Bb7 10. a3 a6 11. Bxf6 Bxf6 12. Rb1 Qd7 13. b4 Rfb8 14. b5 Nd4 15. Nxd4
1-0

[Event "Let's Play Chess!"]
[Site "http://www.queenalice.com/game.php?id=702997"]
[Date "2009.12.25"]
[Round "-"]
[White "spawnwolfwolverine"]
[Black "Iniciante_no_xadrez"]
[Result "1-0"]
[WhiteElo "1688"]
[BlackElo "1491"]

1. c4 c5 2. d3 Nc6 3. e4 d6 4. g3 Nf6 5. Bg2 e6 6. Ne2 Be7 7. O-O O-O 8. Bg5 Qc7
9. Nbc3 a6 10. a3 b6 11. b3 Bb7 12. b4 cxb4 13. axb4 Rad8 14. b5 Nb8 15. Bxf6
Bxf6 16. bxa6 Bxa6 17. Ra2 Bb7 18. Nb5 Qd7 19. f4 d5 20. e5 Be7 21. Qb3 dxc4 22.
dxc4 1-0

[Event "AUTO-OPEN-1812"]
[Site "http://www.queenalice.com/game.php?id=703271"]
[Date "2009.12.25"]
[Round "1"]
[White "Danado"]
[Black "Iniciante_no_xadrez"]
[Result "1-0"]
[WhiteElo "1587"]
[BlackElo "1467"]

1. e4 c5 2. Bc4 Nc6 3. Qf3 Nf6 4. d3 Ne5 5. Qg3 Nxc4 6. dxc4 Nxe4 7. Qe3 Qa5+ 8.
c3 Nd6 9. Nd2 e6 10. a3 Be7 11. Nb3 Qc7 12. Qxc5 1-0

[Event "AUTO-OPEN-1812"]
[Site "http://www.queenalice.com/game.php?id=703272"]
[Date "2009.12.25"]
[Round "1"]
[White "Iniciante_no_xadrez"]
[Black "Danado"]
[Result "0-1"]
[WhiteElo "1443"]
[BlackElo "1598"]

1. e4 e5 2. Nf3 Nc6 3. d4 Bd6 4. Bb5 Nf6 5. Bxc6 bxc6 6. dxe5 Nxe4 7. exd6 Nxd6
8. O-O O-O 9. Nc3 Re8 10. Bf4 Ba6 11. Re1 Rxe1+ 12. Qxe1 h6 0-1

[Event "Let's Play Chess!"]
[Site "http://www.queenalice.com/game.php?id=703369"]
[Date "2009.12.26"]
[Round "-"]
[White "Rutty"]
[Black "Iniciante_no_xadrez"]
[Result "1-0"]
[WhiteElo "1929"]
[BlackElo "1582"]

1. e4 c5 2. Nf3 Nc6 3. Bc4 e6 4. Nc3 d6 5. d3 Nf6 6. O-O Be7 7. h3 a6 8. a3 O-O
9. Be3 b5 10. Bb3 Bb7 11. Re1 Qc7 12. Ne2 Rad8 13. Ng3 Rfe8 14. c3 d5 15. exd5
exd5 16. d4 c4 17. Bc2 g6 18. Bh6 Bd6 19. Kh2 Nh5 20. Ne5 Nxe5 21. dxe5 Bxe5 22.
Re3 Bxg3+ 23. Rxg3 Nxg3 24. fxg3 Rd7 25. Qd4 Qe5 26. Qg4 Qe6 27. Bf5 1-0